Right Here by Chase Atlantic all lyrics - Statistics

General Stats
  • This quiz has been taken 67 times
  • The average score is 267 of 323
Answer Stats
Hint Answer % Correct
hear
100%
here
100%
i
100%
Bridge | Verse 1 im
100%
right
100%
a
97%
about
97%
do
97%
dont
97%
you
97%
friends
93%
fuck
93%
give
93%
it
93%
yeah
93%
your
93%
so
90%
that
90%
the
90%
to
90%
what
90%
again
86%
be
86%
happenin
86%
in
86%
on
86%
was
86%
calls
83%
ill
83%
Chorus its
83%
my
83%
said
83%
she
83%
swear
83%
think
83%
around
79%
baby
79%
didnt
79%
far
79%
from
79%
line
79%
look
79%
me
79%
night
79%
one
79%
there
79%
too
79%
and
76%
girl
76%
go
76%
high
76%
mind
76%
only
76%
pick
76%
staying
76%
up
76%
wasnt
76%
word
76%
bed
72%
deep
72%
hasnt
72%
out
72%
ready
72%
take
72%
calling
69%
phone
69%
slow
69%
tell
69%
three
69%
always
66%
takin
66%
cause
62%
if
62%
oh
62%
Pre-Chorus well
62%
instead
59%
ive
59%
just
59%
know
59%
thats
59%
all
55%
at
55%
more
55%
own
55%
swore
55%
time
55%
walked
55%
been
52%
blue
52%
fine
52%
wanna
52%
youll
52%
damn
48%
this
48%
youre
48%
are
45%
leave
45%
alone
38%
rollin
38%
sitting
38%
why
38%
draw
34%
glow
31%
woah
28%
nightwear
24%
abut
0%
No matching quizzes found
Score Distribution
Percent of People with Each Score
Percentile by Number Answered
Your Score History
You have not taken this quiz